|
|
|
|
| LEADER |
00000caa a22000002c 4500 |
| 001 |
1525924508 |
| 003 |
DE-627 |
| 005 |
20220604104953.0 |
| 007 |
tu |
| 008 |
160223s1999 xx ||||| 00| ||ger c |
| 020 |
|
|
|a 3825502902
|
| 035 |
|
|
|a (DE-627)1525924508
|
| 035 |
|
|
|a (DE-576)455924503
|
| 035 |
|
|
|a (DE-599)BSZ455924503
|
| 040 |
|
|
|a DE-627
|b ger
|c DE-627
|e rakwb
|
| 041 |
|
|
|a ger
|
| 100 |
1 |
|
|a Reichertz, Jo
|d 1949-
|0 (DE-588)120099209
|0 (DE-627)080445756
|0 (DE-576)162685726
|4 aut
|
| 109 |
|
|
|a Reichertz, Jo 1949-
|a Reichertz, J. 1949-
|
| 245 |
1 |
0 |
|a Annäherung an Grenzgänger zwischen den Kulturen-zur Arbeit mit türkischen Co-Interpreten in qualitativer Sozialforschung
|c Jo Reichertz, Nobert Schröer
|
| 264 |
|
1 |
|c 1999
|
| 336 |
|
|
|a Text
|b txt
|2 rdacontent
|
| 337 |
|
|
|a ohne Hilfsmittel zu benutzen
|b n
|2 rdamedia
|
| 338 |
|
|
|a Band
|b nc
|2 rdacarrier
|
| 700 |
1 |
|
|a Schröer, Nobert
|4 aut
|
| 773 |
0 |
8 |
|i In
|t Grenzenlose Gesellschaft? ; 2,2: Ad-hoc-Gruppen, Foren
|d Opladen : Leske + Budrich, 1999
|g (1999), Seite 413-416
|h XVIII, 593 S.
|w (DE-627)1153645998
|w (DE-576)083645993
|z 3825502902
|7 nnam
|
| 773 |
1 |
8 |
|g year:1999
|g pages:413-416
|
| 935 |
|
|
|a mkri
|
| 951 |
|
|
|a AR
|
| ELC |
|
|
|b 1
|
| LOK |
|
|
|0 000 xxxxxcx a22 zn 4500
|
| LOK |
|
|
|0 001 2899403389
|
| LOK |
|
|
|0 003 DE-627
|
| LOK |
|
|
|0 004 1525924508
|
| LOK |
|
|
|0 005 20251112133437
|
| LOK |
|
|
|0 008 160208||||||||||||||||ger|||||||
|
| LOK |
|
|
|0 040
|a DE-21-110
|c DE-627
|d DE-21-110
|
| LOK |
|
|
|0 689
|a s
|a Ethnographie
|
| LOK |
|
|
|0 852
|a DE-21-110
|
| LOK |
|
|
|0 852 1
|m p
|9 00
|
| LOK |
|
|
|0 935
|a k110
|
| LOK |
|
|
|0 938
|k p
|
| LOK |
|
|
|0 939
|a 08-02-16
|b l01
|
| ORI |
|
|
|a SA-MARC-krimdoka001.raw
|